|
|
|
|
| LEADER |
01078nam a2200265 a 4500 |
| 001 |
c000357437 |
| 003 |
CARM |
| 005 |
00000000000000.0 |
| 008 |
891027s1953 nyu b 00100 eng d |
| 019 |
1 |
|
|a 9410615
|z 4086822
|z 44790203
|z 55585917
|5 LACONCORD2021
|
| 035 |
|
|
|a (OCoLC)169144
|5 LACONCORD2021
|
| 040 |
|
|
|a ACAE
|c ACAE
|
| 090 |
|
|
|a HB171
|b .H66
|
| 245 |
0 |
0 |
|a Studies in econometric method /
|c by Cowles Commission research staff members ; edited by Wm. C. Hood and Tjalling C. Koopmans.
|
| 260 |
|
|
|a New York :
|b Wiley & Sons,
|c c1953.
|
| 300 |
|
|
|a xix, 323 p. ;
|c 24 cm.
|
| 490 |
0 |
|
|a Cowles Commission monographs ;
|v no. 14
|
| 500 |
|
|
|a Includes index.
|
| 504 |
|
|
|a Bibliography: p. 305-310.
|
| 650 |
|
0 |
|a Economics, Mathematical.
|
| 700 |
1 |
|
|a Hood, William C.
|q (William Clarence)
|
| 700 |
1 |
|
|a Koopmans, Tjalling Charles,
|d 1910-
|
| 852 |
8 |
|
|b CARM
|h A1:AL29F0
|i B10356
|p 0488199
|f BK
|
| 999 |
f |
f |
|i 86223e3f-7db5-5f77-b2fd-2fd1bc527b81
|s 7eddc97f-9965-5154-a3b5-7abc25da322b
|
| 952 |
f |
f |
|p Can circulate
|a CAVAL
|b CAVAL
|c CAVAL
|d CARM 1 Store
|e B10356
|f A1:AL29F0
|h Other scheme
|i book
|m 0488199
|